| 000 | 00464nam a22001937a 4500 | ||
|---|---|---|---|
| 003 | MPLRDC | ||
| 005 | 20220104144524.0 | ||
| 008 | 210129b ||||| |||| 00| 0 eng d | ||
| 020 | _a957-35-1115-0 | ||
| 082 | _a293.2 HYF | ||
| 100 | _a黄友辅 | ||
| 245 |
_a从人相看荣华富贵 _c |
||
| 250 | _a一版一刷 | ||
| 260 |
_a台湾 _b武陵出版社 _c1999 |
||
| 300 | _b227 | ||
| 490 | _a相学系列. 28 | ||
| 650 | _a相书 | ||
| 942 |
_cBK _o293.2 HYF |
||
| 999 |
_c50439 _d50429 |
||